El color al aire libre / (Record no. 140748)

MARC details
000 -LEADER
campo de control de longitud fija 00503nam a2200181 i 4500
001 - NÚMERO DE CONTROL
campo de control 140748
003 - IDENTIFICADOR DE NÚMERO DE CONTROL
campo de control ES-MaACL
007 - CAMPO FIJO DE DESCRIPCIÓN FÍSICA--INFORMACIÓN GENERAL
campo de control de longitud fija t|
008 - DATOS DE LONGITUD FIJA--INFORMACIÓN GENERAL
campo de control de longitud fija 070917s1954 sp ||||1| spa d
100 1# - ENTRADA PRINCIPAL--NOMBRE DE PERSONA
Nombre de persona Wells, George.
9 (RLIN) 116457
245 13 - MENCIÓN DEL TÍTULO
Título El color al aire libre /
Mención de responsabilidad, etc. George Wells.
260 ## - PUBLICACIÓN, DISTRIBUCIÓN, ETC.
Lugar de publicación, distribución, etc. Barcelona :
Nombre del editor, distribuidor, etc. Omega,
Fecha de publicación, distribución, etc. [1954]
300 ## - DESCRIPCIÓN FÍSICA
Extensión 51 p., 2 lám. col. :
Otras características físicas il. ;
Dimensiones 17 cm.
490 1# - MENCIÓN DE SERIE
Mención de serie Foto biblioteca
830 0# - PUNTO DE ACCESO ADICIONAL DE SERIE-TÍTULO UNIFORME
Título uniforme Foto biblioteca
9 (RLIN) 181378
852 ## - LOCALIZACIÓN
Ubicación ES-MaACL
Número de control de estantería C-8556
Sublocalización o colección R.36636
Holdings
Estatus retirado Estado de pérdida Estado de daño No para préstamo Biblioteca de origen Biblioteca actual Ubicación en estantería Fecha de adquisición Fuente de adquisición Total de préstamos Signatura topográfica completa Código de barras Visto por última vez Precio de reemplazo Tipo de ítem Koha
        Biblioteca del Ateneo de Madrid Biblioteca del Ateneo de Madrid Sala Palomar 17/01/2008     C-8556 1146462 23/02/2023 23/02/2023 Libro impreso